000 00465 a2200169 4500
001 189359
020 _a85-7631-057-0
040 _cMagnum
100 _aCamargo, Alfredo José Cavalcanti Jordão de
240 1 0 _aBolívia
_lpor
245 1 0 _aBolívia
300 _a352
362 0 _a2006
440 1 _aMinistério das Relações Exteriores
697 _aRELALÇÕES INTERNACIONAIS, POLÍTICA MUNDIAL. POLÍTICA INTERNACIONAL. POLÍTICA EXTERNA
942 _cBK
999 _c189359
_d189359